| Hint | Réponse | % Correct |
|---|---|---|
| pendant la prophase on observe une """""""""" de la chromatine, les chromosomes deviennent visibles | condensation | 67%
|
| les """"""""""" migrent de part et d'autre de la cellule | chromatides | 61%
|
| Leur croissance est organisée au """""""""" | centrosome | 33%
|
| les """""""""""" migrent aux pôles opposés de la cellules | centrioles | 22%
|
| production du """"""""""" """""""""" lors de la division cellulaire | fuseau mitotique | 22%
|
| • La prophase (1) | 1 | 17%
|
| il est important d'avoir " centrioles pour permettre une bonne division | 2 | 17%
|
| • La prométaphase (2) | 2 | 17%
|
| ces dernier relient les chromosomes aux """"""""""""""""" a chaque pôle | centrosomes | 11%
|
| la décondensation de la """"""""""" | chromatine | 11%
|
| • La métaphase (3) | 3 | 6%
|
| • L'anaphase (4) | 4 | 6%
|
| • La télophase (5) | 5 | 6%
|
| • La cytokinèse (6) | 6 | 6%
|
| et l'assemblage des """"""""""""" protéiques sur les centromères des chromosomes | kinétochore | 6%
|
| on observe la formation d'un """""""" """""""""" formé de filament d'actine et de myosine ainsi que de protéines régulatrices | anneau contractile | 0%
|
| durant la métaphase les chromosomes sont complètement """""""""" et """""""""" | condensés et alignés | 0%
|
| le centre de la cellule se """"""""""" | contracte | 0%
|
| le centre de la cellule est complètement """"""""""" | contracté | 0%
|
| Les microtubules se réorganisent pour reformer le """""""""""" | cytosquelette | 0%
|
| pendant la prométaphase on observe la """"""""" de l'enveloppe nucléaire | dégradation | 0%
|
| Les microtubules du fuseau sont raccourcis par la """""""""" "" """"" "" """"""" | dépolymérisation des unités de tubuline | 0%
|
| création de """"""" """"""" """"""""" | deux cellules filles | 0%
|
| centrosomes : (déf) | deux centrioles entourés de complexes protéiques | 0%
|
| Point de contrôle du fuseau mitotique qui assure la """""""" """"""""" des chromatides dans les cellules filles | division équitable | 0%
|
| le """""" "" """""""""""" (spindle) se forme suite à la réorganisation du cytosquelette | fuseau de microtubules | 0%
|
| les microtubules sont """""""""" (croissance et rétrécissements permanents | instable | 0%
|
| Les microtubules du fuseau sont liés aux """""""""""" | kinétochores | 0%
|
| microtubules : (déf) | longs cylindres faits de tubuline | 0%
|
| on observe la reformation de la """"""""" """"""""" | membrane nucléaire | 0%
|
| sur la """""" """""""""""" | plaque métaphasique | 0%
|
| Leur """"""""" est essentielle durant la division cellulaire | régulation | 0%
|
| La membrane plasmique se """"""" | scinde | 0%
|
| les protéines du kinétochores qui lient les chromatides sœurs sont dégradées, permettant la """""""""" "" """""""""" | séparation des chromatides | 0%
|
| centrioles : (déf) | structures microtubulaires creuses et courtes | 0%
|